000
00319nam a2200121Ia 4500
008
231129s1991||||xx |||||||||||||| ||spa||
082
_a
OEM- 1691
100
_a
Jiménez de Quesada Gonzalo
245
0
_a
El Antijovio Tomo II
260
_c
1991
264
_a
Bogotá: Imprenta Patriótica ICC 1991
942
_2
ddc
_c
BKS
999
_c
10210
_d
10210